[Event "CAN op"]
[Site "Calgary CAN"]
[Date "2023.07.23"]
[Round "2.35"]
[White "Zhu, Brandon"]
[Black "Sasata, Alexander"]
[Result "1/2-1/2"]
[WhiteElo "2084"]
[BlackElo "1736"]
[PlyCount "85"]
[EventDate "2023.07.22"]
[EventType "swiss"]
[EventRounds "10"]
[EventCountry "CAN"]

1. d4 d5 2. c4 c6 3. e3 Bf5 4. Bd3 Bxd3 5. Qxd3 e6 6. Nf3 Nf6 7. O-O Be7 8. b3
O-O 9. Ba3 a5 10. Bxe7 Qxe7 11. Nc3 Nbd7 12. e4 dxe4 13. Nxe4 Nxe4 14. Qxe4 Nf6
15. Qe2 a4 16. Rab1 c5 17. dxc5 Qxc5 18. b4 Qf5 19. a3 e5 20. Nxe5 Rfe8 21. f4
Nd7 22. Qf3 Nxe5 23. fxe5 Qxf3 24. Rxf3 Rxe5 25. Rd1 Kf8 26. Rd7 Re7 27. Rfd3
Ke8 28. Rxe7+ Kxe7 29. Rd5 Rc8 30. Rb5 Rc7 31. c5 Rd7 32. Kf2 Rd3 33. Rxb7+ Ke6
34. Ra7 Rxa3 35. b5 Rb3 36. b6 Kd5 37. Rxa4 Kxc5 38. Ra7 Rxb6 39. Rxf7 Rg6 40.
Kf3 Kd6 41. g4 Ke6 42. Rf4 Rf6 43. Rxf6+ 1/2-1/2

[Event "CAN op"]
[Site "Calgary CAN"]
[Date "2023.07.23"]
[Round "2.36"]
[White "Zhong, Ryan Yunhui"]
[Black "Mok, Erwin"]
[Result "1-0"]
[WhiteElo "2017"]
[BlackElo "1694"]
[PlyCount "103"]
[EventDate "2023.07.22"]
[EventType "swiss"]
[EventRounds "10"]
[EventCountry "CAN"]

1. e4 c5 2. Nf3 d6 3. Bb5+ Bd7 4. Bxd7+ Qxd7 5. O-O Nc6 6. c3 d5 7. exd5 Qxd5
8. d4 e6 9. Na3 cxd4 10. c4 Qd7 11. Nb5 a6 12. Nbxd4 Bd6 13. Re1 Nge7 14. Be3
O-O 15. Qc2 h6 16. Rad1 Qc7 17. Qe4 Nxd4 18. Bxd4 Nc6 19. Bc3 Bb4 20. Bxb4 Nxb4
21. a3 Nc6 22. Nd4 Nxd4 23. Rxd4 Rfd8 24. Red1 Rac8 25. b3 a5 26. g3 b6 27. h4
Rxd4 28. Rxd4 Rd8 29. Qd3 Rxd4 30. Qxd4 Qc6 31. Kf1 f6 32. Ke2 Kf7 33. Kd2 Ke7
34. b4 axb4 35. axb4 g6 36. Kc3 h5 37. b5 Qc7 38. Kb3 Qb7 39. Kb4 Qa7 40. Qe3
Qa5+ 41. Kb3 Kf7 42. Qd4 Qa7 43. Qd6 e5 44. c5 bxc5 45. b6 Qa5 46. Qd7+ Kg8 47.
b7 Qb4+ 48. Kc2 Qe4+ 49. Kd2 Qb4+ 50. Kd3 Qb1+ 51. Kc4 Qb4+ 52. Kd5 1-0

[Event "CAN op"]
[Site "Calgary CAN"]
[Date "2023.07.23"]
[Round "2.37"]
[White "Zhang, Michelle"]
[Black "Chacon, Jose Eduardo"]
[Result "1-0"]
[WhiteElo "1734"]
[BlackElo "1983"]
[PlyCount "51"]
[EventDate "2023.07.22"]
[EventType "swiss"]
[EventRounds "10"]
[EventCountry "CAN"]

1. e4 e6 2. d4 d5 3. e5 c5 4. c3 Nc6 5. Nf3 f6 6. Bb5 Bd7 7. O-O Nxe5 8. Nxe5
fxe5 9. Qh5+ g6 10. Qxe5 Qf6 11. Bxd7+ Kxd7 12. Bf4 Rc8 13. Nd2 h6 14. Nf3 g5
15. Bg3 Ke8 16. Rfe1 Kf7 17. Re2 Bg7 18. Rae1 cxd4 19. Nxd4 Ne7 20. Qxf6+ Bxf6
21. Rxe6 Rhd8 22. Be5 Bxe5 23. R1xe5 Ng6 24. Rf5+ Kg7 25. Rff6 Nf4 26. Nf5+ 1-0

[Event "CAN op"]
[Site "Calgary CAN"]
[Date "2023.07.23"]
[Round "2.38"]
[White "Gao, Lucy"]
[Black "Todd, Adie"]
[Result "1-0"]
[WhiteElo "1933"]
[BlackElo "1618"]
[PlyCount "55"]
[EventDate "2023.07.22"]
[EventType "swiss"]
[EventRounds "10"]
[EventCountry "CAN"]

1. e4 c5 2. Nf3 Nc6 3. Bb5 g6 4. O-O Bg7 5. c3 Nf6 6. Qe2 O-O 7. Rd1 a6 8. Ba4
b5 9. Bc2 Bb7 10. d4 cxd4 11. cxd4 Nb4 12. d5 Nxc2 13. Qxc2 Rc8 14. Qd2 e6 15.
dxe6 dxe6 16. Qe2 Qc7 17. e5 Nd5 18. Bd2 Qc2 19. Nc3 Qxb2 20. Ne4 Rc2 21. Qd3
Rc7 22. Ba5 Nb4 23. Qd6 Rc4 24. Rab1 Qxa2 25. Nf6+ Bxf6 26. exf6 Bxf3 27. Qxf8+
Kxf8 28. Rd8# 1-0

[Event "CAN op"]
[Site "Calgary CAN"]
[Date "2023.07.23"]
[Round "2.39"]
[White "Zou, Alex"]
[Black "Rekhson, Vladislav"]
[Result "1/2-1/2"]
[WhiteElo "1742"]
[BlackElo "2146"]
[PlyCount "72"]
[EventDate "2023.07.22"]
[EventType "swiss"]
[EventRounds "10"]
[EventCountry "CAN"]

1. c4 Nf6 2. g3 g6 3. Bg2 Bg7 4. Nc3 O-O 5. Nf3 d6 6. d3 c6 7. Bd2 e5 8. O-O
Re8 9. e4 Nbd7 10. b4 Nf8 11. Ne1 d5 12. cxd5 cxd5 13. exd5 Bf5 14. Be4 Nxe4
15. dxe4 Bh3 16. Ng2 f5 17. f3 Qb6+ 18. Be3 Qxb4 19. Qb3 Qxb3 20. axb3 a6 21.
Na4 Nd7 22. Nb6 Nxb6 23. Bxb6 Rec8 24. Rfc1 fxe4 25. fxe4 Bh6 26. Rc7 Rxc7 27.
Bxc7 Rc8 28. Bxe5 Re8 29. Bf4 Bxg2 30. Bxh6 Bxe4 31. d6 Kf7 32. Bg5 Ke6 33. Be7
Bd5 34. b4 Rc8 35. Rd1 Bc6 36. Rc1 Kd7 1/2-1/2

[Event "CAN op"]
[Site "Calgary CAN"]
[Date "2023.07.23"]
[Round "2.40"]
[White "Taylor, Ashton"]
[Black "Zhang, James"]
[Result "1-0"]
[WhiteElo "1969"]
[BlackElo "1742"]
[PlyCount "85"]
[EventDate "2023.07.22"]
[EventType "swiss"]
[EventRounds "10"]
[EventCountry "CAN"]

1. Nf3 d5 2. d4 Nf6 3. c4 c6 4. cxd5 cxd5 5. Nc3 Nc6 6. Bf4 Bf5 7. Qb3 Qb6 8.
Qxb6 axb6 9. e3 e6 10. Bb5 Bb4 11. Ne5 Rc8 12. Nxc6 bxc6 13. Ba6 Ra8 14. Bb7
Ra7 15. Bxc6+ Ke7 16. O-O Rc8 17. Nb5 Ra5 18. Rfc1 Bd3 19. a4 Bd2 20. Nd6 Rc7
21. Nf5+ Bxf5 22. Bxc7 Bxc1 23. Rxc1 Nd7 24. b3 Bd3 25. Bxd7 Kxd7 26. Bxb6 Ra6
27. a5 Bb5 28. Rc7+ Ke8 29. Rc5 Bd3 30. f3 f5 31. Kf2 Kf7 32. b4 g5 33. b5 Ra8
34. a6 Bxb5 35. Rxb5 Rxa6 36. Rb2 Kg6 37. Bc7 Rc6 38. Be5 h5 39. Ke2 Rc1 40.
Rb6 Kf7 41. Rb7+ Kg6 42. Rg7+ Kh6 43. Rc7 1-0

[Event "CAN op"]
[Site "Calgary CAN"]
[Date "2023.07.23"]
[Round "2.41"]
[White "Russell, Wesley"]
[Black "Heran-Boily, Samuel"]
[Result "0-1"]
[WhiteElo "1723"]
[BlackElo "1936"]
[PlyCount "88"]
[EventDate "2023.07.22"]
[EventType "swiss"]
[EventRounds "10"]
[EventCountry "CAN"]

1. e4 e6 2. d4 d5 3. Nc3 Bb4 4. e5 c5 5. a3 Bxc3+ 6. bxc3 Qa5 7. Bd2 Qa4 8. Be3
Ne7 9. Bd3 Nd7 10. f4 b6 11. Nf3 Ba6 12. O-O Rc8 13. Nh4 g6 14. g4 Bxd3 15.
cxd3 Qxd1 16. Raxd1 cxd4 17. Bxd4 Nc6 18. Rc1 Ke7 19. Ng2 Na5 20. Ne3 Nb3 21.
Rc2 Nxd4 22. cxd4 Rxc2 23. Nxc2 Rc8 24. Ne3 Rc3 25. Rf3 Rxa3 26. Rh3 Nf8 27. f5
b5 28. fxe6 fxe6 29. Kf2 b4 30. Ke2 a5 31. Kd2 a4 32. g5 b3 33. Kc3 Ra2 34. Nd1
Rc2+ 35. Kb4 b2 36. Nxb2 Rxb2+ 37. Kxa4 Rg2 38. Kb5 Rxg5 39. Rf3 Rf5 40. Rg3
Rf4 41. Kc5 Nd7+ 42. Kc6 Rxd4 43. Rf3 h5 44. Rg3 Nxe5+ 0-1

[Event "CAN op"]
[Site "Calgary CAN"]
[Date "2023.07.23"]
[Round "2.42"]
[White "Zhang, Brian"]
[Black "Wharton, Kayode"]
[Result "0-1"]
[WhiteElo "1926"]
[BlackElo "1728"]
[PlyCount "56"]
[EventDate "2023.07.22"]
[EventType "swiss"]
[EventRounds "10"]
[EventCountry "CAN"]

1. e4 e5 2. Nf3 Nc6 3. Bb5 a6 4. Ba4 b5 5. Bb3 h6 6. O-O Nf6 7. Re1 d6 8. c3
Bg4 9. d3 Be7 10. h3 Bh5 11. Nbd2 O-O 12. Nf1 Na5 13. Bc2 c5 14. Ng3 Bxf3 15.
Qxf3 Nh7 16. Nf5 Bg5 17. Ne3 Nc6 18. g3 Ne7 19. Bb3 Ng6 20. Qh5 Kh8 21. Bxf7
Rxf7 22. Qxg6 Qd7 23. h4 Raf8 24. Re2 Qh3 25. Qxd6 Rf6 26. Qxe5 Bf4 27. Qxc5
Bxg3 28. fxg3 Rf1+ 0-1

[Event "CAN op"]
[Site "Calgary CAN"]
[Date "2023.07.23"]
[Round "2.43"]
[White "Ashley, Mathew"]
[Black "Jackson, Mateo"]
[Result "0-1"]
[WhiteElo "1709"]
[BlackElo "1914"]
[PlyCount "114"]
[EventDate "2023.07.22"]
[EventType "swiss"]
[EventRounds "10"]
[EventCountry "CAN"]

1. c4 c5 2. Nf3 Nc6 3. Nc3 g6 4. g3 Bg7 5. Bg2 d6 6. O-O Nf6 7. d4 cxd4 8. Nxd4
Bd7 9. Nc2 a5 10. h3 O-O 11. b3 Ne4 12. Nxe4 Bxa1 13. Nxa1 a4 14. Nc2 axb3 15.
axb3 Qb6 16. Ne3 Ra2 17. Nd5 Qd8 18. Nec3 Ra8 19. Be3 Be8 20. Bb6 Qd7 21. Nc7
Rc8 22. N3d5 f6 23. Nxe8 Rcxe8 24. Nc7 Rc8 25. Bd5+ Kh8 26. Be6 Qd8 27. Bxc8
Qxc8 28. Qd5 Qxh3 29. Ra1 Nb4 30. Qe6 Qh6 31. Be3 Qg7 32. Qe4 f5 33. Qh4 Qxa1+
34. Kg2 Nc6 35. Ne6 Ra8 36. Nd4 Qb1 37. Nxc6 bxc6 38. f3 Re8 39. Bd4+ Kg8 40.
Qh6 e5 41. Qe3 c5 42. Bxc5 dxc5 43. Qxc5 Qd1 44. Qc6 Qxe2+ 45. Kh1 Qd1+ 46. Kh2
Re7 47. Qa8+ Kf7 48. Qh8 Qd2+ 49. Kg1 Qh6 50. Qd8 Qe3+ 51. Kg2 Qd4 52. Qh8 Ke6
53. Qc8+ Qd7 54. Qg8+ Kf6 55. Qh8+ Kg5 56. f4+ exf4 57. gxf4+ Kxf4 0-1

[Event "CAN op"]
[Site "Calgary CAN"]
[Date "2023.07.23"]
[Round "2.44"]
[White "Williamson, Jason"]
[Black "Wong, Ford"]
[Result "1-0"]
[WhiteElo "1890"]
[BlackElo "1721"]
[PlyCount "40"]
[EventDate "2023.07.22"]
[EventType "swiss"]
[EventRounds "10"]
[EventCountry "CAN"]

1. e4 d6 2. d4 Nf6 3. Nc3 g6 4. f4 c6 5. Nf3 b5 6. e5 dxe5 7. fxe5 Nd5 8. Ne4
Bf5 9. Ng3 Bg4 10. Be2 e6 11. O-O Be7 12. Bh6 Bxf3 13. Rxf3 Bg5 14. Bxg5 Qxg5
15. Ne4 Qh6 16. Nd6+ Kd7 17. Rxf7+ Kd8 18. Bg4 Ne3 19. Qe1 a5 20. Bxe6 Nxc2 1-0

[Event "CAN op"]
[Site "Calgary CAN"]
[Date "2023.07.23"]
[Round "2.45"]
[White "Wilson, Kim"]
[Black "MacLeod, Damon"]
[Result "0-1"]
[WhiteElo "1701"]
[BlackElo "1889"]
[PlyCount "70"]
[EventDate "2023.07.22"]
[EventType "swiss"]
[EventRounds "10"]
[EventCountry "CAN"]

1. c4 e6 2. Nc3 d5 3. g3 d4 4. Na4 Bd7 5. Bg2 Bc6 6. Bxc6+ Nxc6 7. Nf3 d3 8.
Qb3 Nb4 9. O-O Nc2 10. Qb5+ c6 11. Qxb7 Qc8 12. Qxc8+ Rxc8 13. exd3 Nxa1 14. a3
Nb3 15. d4 Nf6 16. d3 Nxc1 17. Rxc1 Be7 18. Nc3 O-O 19. c5 Rfd8 20. b4 Nd5 21.
Ne2 a5 22. Ne5 axb4 23. axb4 f6 24. Nc4 Nxb4 25. Nb6 Rb8 26. Rc4 Nxd3 27. Ra4
Nxc5 28. dxc5 Bxc5 29. Nc4 Rb4 30. Rxb4 Bxb4 31. Kg2 Kf7 32. Kf3 e5 33. Ke3 Ke6
34. g4 g6 35. h3 h5 0-1

[Event "CAN op"]
[Site "Calgary CAN"]
[Date "2023.07.23"]
[Round "2.46"]
[White "Darvekar, Yash"]
[Black "Tcherni, Avram"]
[Result "1-0"]
[WhiteElo "1886"]
[BlackElo "1701"]
[PlyCount "79"]
[EventDate "2023.07.22"]
[EventType "swiss"]
[EventRounds "10"]
[EventCountry "CAN"]

1. e4 c6 2. d4 d5 3. Nc3 dxe4 4. Nxe4 Nf6 5. Nxf6+ exf6 6. c3 Bd6 7. Bd3 O-O 8.
Qc2 h5 9. Ne2 Re8 10. Be3 Qc7 11. h3 Nd7 12. O-O Nf8 13. Rae1 Bd7 14. c4 h4 15.
Nc3 Ne6 16. d5 Bh2+ 17. Kh1 Nf4 18. Be4 Nxh3 19. gxh3 Bxh3 20. Bg2 Bxg2+ 21.
Kxg2 g5 22. Rh1 Bf4 23. Bxf4 Qxf4 24. Re4 Rxe4 25. Qxe4 Qxe4+ 26. Nxe4 cxd5 27.
Nxf6+ Kg7 28. Nxd5 Rd8 29. Re1 b5 30. b3 bxc4 31. bxc4 Rc8 32. Rc1 Re8 33. c5
f5 34. c6 Kf7 35. c7 Rc8 36. Re1 g4 37. Re7+ Kg6 38. Rd7 h3+ 39. Kh2 Re8 40.
c8=Q 1-0

[Event "CAN op"]
[Site "Calgary CAN"]
[Date "2023.07.23"]
[Round "2.47"]
[White "Gibson, Leroy"]
[Black "Aird, Ian"]
[Result "1/2-1/2"]
[WhiteElo "1686"]
[BlackElo "1881"]
[PlyCount "129"]
[EventDate "2023.07.22"]
[EventType "swiss"]
[EventRounds "10"]
[EventCountry "CAN"]

1. c4 e6 2. Nc3 d5 3. d4 Nf6 4. Bg5 dxc4 5. e3 c5 6. Bxc4 cxd4 7. Bb5+ Bd7 8.
Bxd7+ Qxd7 9. Bxf6 gxf6 10. exd4 Nc6 11. Nge2 Rd8 12. O-O Nxd4 13. Nxd4 Qxd4
14. Qf3 Be7 15. Qxb7 Qb6 16. Qf3 O-O 17. Rab1 f5 18. Ne2 Kh8 19. Nf4 Qb4 20. g3
a5 21. a3 Qb5 22. Qc3+ Kg8 23. Nh5 f6 24. Nf4 Rc8 25. Qf3 Qc6 26. Qe2 e5 27.
Ng2 Qe4 28. Qb5 Bc5 29. Rbe1 Qg4 30. Ne3 Qf3 31. b4 axb4 32. axb4 Bd4 33. Qd5+
Qxd5 34. Nxd5 Kf7 35. Rb1 Ke6 36. Ne3 Rc3 37. Nd1 Rc2 38. Ne3 Rc3 39. Ng2 Rb8
40. Rfd1 Rb5 41. Rd2 Rc4 42. Ne3 Rcxb4 43. Rxb4 Rxb4 44. Nc2 Rb1+ 45. Kg2 Bc5
46. Ne3 Bd4 47. Ra2 Rb2 48. Rxb2 Bxb2 49. Kf3 Bd4 50. Ng2 Bb6 51. h3 Bc7 52.
Ne3 e4+ 53. Ke2 f4 54. gxf4 Bxf4 55. Ng2 Kf5 56. f3 Bh6 57. fxe4+ Kxe4 58. Kf2
f5 59. Nh4 Be3+ 60. Kg2 f4 61. Nf3 h6 62. Nh4 Bc5 63. Nf3 Be7 64. Nh2 Bg5 65.
Nf3 1/2-1/2

[Event "CAN op"]
[Site "Calgary CAN"]
[Date "2023.07.23"]
[Round "2.48"]
[White "Xu, Philip"]
[Black "Deepak, Laksshana"]
[Result "0-1"]
[WhiteElo "1878"]
[BlackElo "1681"]
[PlyCount "114"]
[EventDate "2023.07.22"]
[EventType "swiss"]
[EventRounds "10"]
[EventCountry "CAN"]

1. c4 Nf6 2. Nc3 d5 3. cxd5 Nxd5 4. g3 g6 5. Bg2 Nxc3 6. bxc3 Bg7 7. Nf3 c5 8.
Qc2 O-O 9. O-O Nc6 10. Rb1 Rb8 11. d3 e5 12. Be3 b6 13. Nd2 Qc7 14. a4 Bf5 15.
Nc4 Rfd8 16. Qc1 Be6 17. Na3 Na5 18. c4 Nc6 19. Nb5 Qd7 20. Bg5 Re8 21. Nc3 Nd4
22. e3 Nc6 23. Bxc6 Qxc6 24. e4 Qd7 25. Nd5 Bh3 26. f4 Bxf1 27. Qxf1 Qg4 28.
Kg2 exf4 29. Bxf4 Rbd8 30. h3 Qd7 31. Bg5 Rc8 32. Qf4 f5 33. Re1 Rc6 34. Re2
Rce6 35. e5 Rxe5 36. Rxe5 Rxe5 37. Bf6 Re8 38. Bxg7 Kxg7 39. Qd2 Qe6 40. Qb2+
Qe5 41. Qf2 Qe2 42. Nc3 Qxf2+ 43. Kxf2 Re7 44. Nd5 Rd7 45. Ke3 Kf7 46. Nc3 Ke6
47. Ne2 Ke5 48. Nf4 g5 49. Ng2 h5 50. h4 gxh4 51. Nxh4 Kf6 52. Nf3 a6 53. Nh4
Rd4 54. Nf3 Rg4 55. Kf2 f4 56. gxf4 Rxf4 57. Kg3 Rxf3+ 0-1

[Event "CAN op"]
[Site "Calgary CAN"]
[Date "2023.07.23"]
[Round "2.49"]
[White "Yang, Vincent"]
[Black "Karmali, Hafiz"]
[Result "1-0"]
[WhiteElo "1670"]
[BlackElo "1869"]
[PlyCount "79"]
[EventDate "2023.07.22"]
[EventType "swiss"]
[EventRounds "10"]
[EventCountry "CAN"]

1. Nf3 f5 2. d4 Nf6 3. c4 e6 4. Nc3 d5 5. c5 b6 6. b4 a5 7. bxa5 bxc5 8. e3
Rxa5 9. Ne5 Bd6 10. Rb1 c6 11. Rxb8 Bxb8 12. Nxc6 Qc7 13. Nxa5 Qxa5 14. Bb5+
Bd7 15. Bxd7+ Nxd7 16. Qb3 O-O 17. O-O Nf6 18. dxc5 Qxc5 19. Ba3 Qc7 20. g3 Rc8
21. Rc1 Qd8 22. Nb5 Rxc1+ 23. Bxc1 h5 24. a4 h4 25. Kg2 Ne4 26. Nd4 Kf7 27. f3
hxg3 28. hxg3 Bxg3 29. Qb7+ Qc7 30. Qxc7+ Bxc7 31. fxe4 dxe4 32. Nc6 Ke8 33.
Bb2 Kd7 34. Nd4 g5 35. Bc3 f4 36. exf4 gxf4 37. a5 Be5 38. a6 Bxd4 39. Bxd4 Kc8
40. Be5 1-0

[Event "CAN op"]
[Site "Calgary CAN"]
[Date "2023.07.23"]
[Round "2.50"]
[White "Skop, Mike"]
[Black "Zacharias, Nicholas"]
[Result "0-1"]
[WhiteElo "1655"]
[BlackElo "1843"]
[PlyCount "66"]
[EventDate "2023.07.22"]
[EventType "swiss"]
[EventRounds "10"]
[EventCountry "CAN"]

1. c3 d5 2. Na3 e5 3. Nc2 Nc6 4. g3 Be6 5. Nh3 f6 6. f3 Qd7 7. Nf2 h5 8. Bg2
Nh6 9. d3 O-O-O 10. b4 g5 11. Bd2 Nf7 12. Rb1 f5 13. Na1 h4 14. Qa4 e4 15. b5
Nb8 16. Qxa7 exf3 17. exf3 Bd6 18. Nb3 Qxb5 19. O-O hxg3 20. hxg3 Bxg3 21. Nc5
Bh2+ 22. Kh1 Bd6+ 23. Kg1 Qxc5 24. Qxb7+ Kd7 25. d4 Bh2+ 26. Kh1 Qd6 27. Nh3 g4
28. fxg4 fxg4 29. Rxf7+ Bxf7 30. Ng5 Bf4+ 31. Kg1 Bxd2 32. Nxf7 Be3+ 33. Kf1
Qf4+ 0-1

[Event "CAN op"]
[Site "Calgary CAN"]
[Date "2023.07.23"]
[Round "2.51"]
[White "Hawkshaw, Kevin"]
[Black "Rohatynski, Jordan"]
[Result "1-0"]
[WhiteElo "1840"]
[BlackElo "1671"]
[PlyCount "45"]
[EventDate "2023.07.22"]
[EventType "swiss"]
[EventRounds "10"]
[EventCountry "CAN"]

1. c4 Nf6 2. Nf3 d6 3. d4 h6 4. Nc3 c6 5. e4 Nbd7 6. Be2 e5 7. O-O Qc7 8. Nh4
exd4 9. Qxd4 Ne5 10. f4 c5 11. Qd1 Nc6 12. e5 dxe5 13. Bf3 Be6 14. Nd5 Qd7 15.
fxe5 Nxe5 16. Nxf6+ gxf6 17. Qxd7+ Kxd7 18. Bxb7 Rb8 19. Rd1+ Bd6 20. Bd5 Nxc4
21. Bxc4 Bxc4 22. Bf4 Rb6 23. Nf5 1-0

[Event "CAN op"]
[Site "Calgary CAN"]
[Date "2023.07.23"]
[Round "2.52"]
[White "Pottinger, Carl"]
[Black "Koo, Minjun"]
[Result "1/2-1/2"]
[WhiteElo "1822"]
[BlackElo "1661"]
[PlyCount "66"]
[EventDate "2023.07.22"]
[EventType "swiss"]
[EventRounds "10"]
[EventCountry "CAN"]

1. d4 d5 2. Nf3 Nf6 3. Bf4 e6 4. e3 c5 5. c3 Nc6 6. Bd3 Qb6 7. Qc2 Nh5 8. Bg3
Nxg3 9. hxg3 h6 10. Nbd2 Bd7 11. Ne5 Nxe5 12. dxe5 Be7 13. Nf3 Rc8 14. g4 Qd8
15. Rh5 c4 16. Be2 g6 17. Rh2 Qb6 18. O-O-O Kf8 19. g5 Kg7 20. gxh6+ Rxh6 21.
Rxh6 Kxh6 22. Rh1+ Kg7 23. Qd2 Rh8 24. Rxh8 Kxh8 25. Qd4 Qa5 26. Kb1 b5 27. Ne1
Kg7 28. Nc2 b4 29. cxb4 Bxb4 30. Nxb4 Qxb4 31. Qc3 Qb6 32. Qd4 Qb4 33. Qc3 Qb6
1/2-1/2

[Event "CAN op"]
[Site "Calgary CAN"]
[Date "2023.07.23"]
[Round "2.53"]
[White "Yang, Henry"]
[Black "Giles, Patrick"]
[Result "1-0"]
[WhiteElo "1818"]
[BlackElo "1653"]
[PlyCount "73"]
[EventDate "2023.07.22"]
[EventType "swiss"]
[EventRounds "10"]
[EventCountry "CAN"]

1. d4 d5 2. c4 c6 3. Nf3 Nf6 4. e3 e6 5. b3 Nbd7 6. Bd3 Be7 7. Bb2 O-O 8. O-O
Ne4 9. Nc3 f5 10. Nd2 Ndf6 11. f3 Nxc3 12. Bxc3 Bd6 13. e4 dxe4 14. fxe4 Bxh2+
15. Kxh2 Ng4+ 16. Kg1 e5 17. Nf3 f4 18. Nxe5 Ne3 19. Qe2 Qg5 20. Rf3 Rf6 21.
Bd2 Ng4 22. Nxg4 Bxg4 23. Qf2 Qh4 24. Rxf4 Rh6 25. Qf1 Qh2+ 26. Kf2 g5 27. Rxg4
Rf8+ 28. Bf4 Rxf4+ 29. Rxf4 gxf4 30. Ke2 Rh3 31. Kd2 f3 32. Kc3 fxg2 33. Qf2
Qh1 34. Rg1 Rh2 35. d5 h5 36. e5 h4 37. e6 1-0

[Event "CAN op"]
[Site "Calgary CAN"]
[Date "2023.07.23"]
[Round "2.54"]
[White "Xu, Leon"]
[Black "Aluko, Olanrewaju"]
[Result "1-0"]
[WhiteElo "1811"]
[BlackElo "1640"]
[PlyCount "69"]
[EventDate "2023.07.22"]
[EventType "swiss"]
[EventRounds "10"]
[EventCountry "CAN"]

1. e4 e6 2. d4 d5 3. Bd3 Nf6 4. e5 Nfd7 5. f4 c5 6. c3 Nc6 7. Nf3 Qb6 8. Bc2
cxd4 9. cxd4 Nb4 10. O-O Nxc2 11. Qxc2 Qc6 12. Qf2 Nb6 13. b3 Bd7 14. Ba3 Bxa3
15. Nxa3 Qc7 16. Qg3 O-O 17. Rac1 Qd8 18. Nc2 Rc8 19. Ne3 Rxc1 20. Rxc1 Qe7 21.
Ng4 Kh8 22. Ng5 f5 23. Qh3 h6 24. Nxh6 gxh6 25. Qxh6+ Kg8 26. Rc3 Qg7 27. Qh4
Qh8 28. Qe1 Qh5 29. Rh3 Qg6 30. Qh4 Qg7 31. Rg3 Qh8 32. Ne4+ Qg7 33. Nf6+ Rxf6
34. Rxg7+ Kxg7 35. exf6+ 1-0

[Event "CAN op"]
[Site "Calgary CAN"]
[Date "2023.07.23"]
[Round "2.55"]
[White "Hooshdaran, Soheil"]
[Black "Ramalho, David"]
[Result "0-1"]
[WhiteElo "1617"]
[BlackElo "1803"]
[PlyCount "62"]
[EventDate "2023.07.22"]
[EventType "swiss"]
[EventRounds "10"]
[EventCountry "CAN"]

1. e4 c5 2. Nf3 d6 3. d4 cxd4 4. Nxd4 Nf6 5. Nc3 a6 6. Bc4 b5 7. Bb3 Bb7 8. O-O
Nc6 9. Be3 Nxd4 10. Qxd4 e6 11. f3 Be7 12. a4 Qd7 13. axb5 axb5 14. Rxa8+ Bxa8
15. Nxb5 O-O 16. Nc3 Bc6 17. Ra1 Rc8 18. Ra7 Rc7 19. Rxc7 Qxc7 20. Ba4 Nd7 21.
Bxc6 Qxc6 22. Qa4 Qc8 23. Qa7 Bf8 24. Kf2 Ne5 25. Qa2 Nc4 26. Ba7 g6 27. Bd4
Bh6 28. b3 Be3+ 29. Bxe3 Nxe3 30. Qb2 Qc5 31. b4 Nd1+ 0-1

[Event "CAN op"]
[Site "Calgary CAN"]
[Date "2023.07.23"]
[Round "2.56"]
[White "Quiring, John"]
[Black "Zhao, Erin"]
[Result "0-1"]
[WhiteElo "1799"]
[BlackElo "1613"]
[PlyCount "40"]
[EventDate "2023.07.22"]
[EventType "swiss"]
[EventRounds "10"]
[EventCountry "CAN"]

1. d4 d5 2. Nf3 Nf6 3. g3 Bf5 4. c4 e6 5. Bg2 Be7 6. Nc3 c6 7. O-O Nbd7 8. c5
O-O 9. b4 Ne4 10. Qb3 b6 11. Re1 a5 12. bxa5 Nxc3 13. Qxc3 bxc5 14. dxc5 Bf6
15. Nd4 Rxa5 16. Be3 Rxc5 17. Qa3 Rc4 18. Rad1 Bg6 19. f4 Qa8 20. Qd6 Rd8 0-1

[Event "CAN op"]
[Site "Calgary CAN"]
[Date "2023.07.23"]
[Round "2.57"]
[White "Usselman, Paul"]
[Black "Raman, Shanker"]
[Result "0-1"]
[WhiteElo "1781"]
[BlackElo "1601"]
[PlyCount "182"]
[EventDate "2023.07.22"]
[EventType "swiss"]
[EventRounds "10"]
[EventCountry "CAN"]

1. d4 d5 2. Nf3 Nf6 3. g3 Bf5 4. Bg2 e6 5. c4 c6 6. Qb3 Qb6 7. O-O dxc4 8. Qxc4
Bd6 9. Nc3 h6 10. Ne5 Nbd7 11. Nxf7 Kxf7 12. e4 Nxe4 13. Bxe4 Bxe4 14. Nxe4 Be7
15. Bf4 Qb4 16. Qe2 Nf6 17. Rfe1 Rhe8 18. Rad1 Rad8 19. a3 Qb6 20. Nc5 Rxd4 21.
Qxe6+ Kf8 22. Rxd4 Bxc5 23. Bd6+ Bxd6 24. Qxd6+ Kf7 25. Rxe8 Kxe8 26. b4 a5 27.
bxa5 Qxa5 28. Qe6+ Kf8 29. Qc8+ Kf7 30. Qxb7+ Kg8 31. Qb3+ Kh8 32. Ra4 Qf5 33.
Rf4 Qe5 34. a4 c5 35. Qb1 Qc3 36. Qg6 c4 37. Kg2 Qe5 38. Rxf6 gxf6 39. Qxh6+
Kg8 40. Qg6+ Kh8 41. a5 c3 42. Kf1 f5 43. Qh5+ Kg7 44. a6 Qb5+ 45. Qe2 Qc6 46.
Qc2 Qxa6+ 47. Ke1 Qa1+ 48. Qd1 Qa5 49. Qc2 Kf6 50. h4 Qe5+ 51. Kd1 Qd4+ 52. Ke2
Kg6 53. h5+ Kg5 54. h6 Kxh6 55. Qd3 Qg4+ 56. Ke1 Qb4 57. Kd1 Kg5 58. Qe3+ Kg6
59. Qe6+ Kg5 60. Qg8+ Kf6 61. Qh8+ Kg5 62. Qg7+ Kh5 63. Qh7+ Kg5 64. f4+ Kg4
65. Qg6+ Kf3 66. Qxf5 Qd4+ 67. Kc2 Qd2+ 68. Kb3 Qb2+ 69. Kc4 c2 70. Qd3+ Kg4
71. Qg6+ Kf3 72. Qd3+ Kg2 73. Qd2+ Kxg3 74. Kd3 Qb3+ 75. Ke2 Qf3+ 76. Ke1 Qh1+
77. Ke2 c1=Q 78. Qd3+ Kxf4 79. Qd6+ Kg4 80. Qg6+ Qg5 81. Qe6+ Kh5 82. Qe8+ Qg6
83. Qh8+ Qh6 84. Qe5+ Kg6 85. Qe6+ Kg5 86. Qe3+ Kf5 87. Qc5+ Ke6 88. Qc8+ Ke5
89. Qc7+ Qd6 90. Qg7+ Kd5 91. Qb7+ Qc6 0-1

[Event "CAN op"]
[Site "Calgary CAN"]
[Date "2023.07.23"]
[Round "2.58"]
[White "Sklenka, Steve"]
[Black "Gebhardt, David"]
[Result "0-1"]
[WhiteElo "1550"]
[BlackElo "1771"]
[PlyCount "60"]
[EventDate "2023.07.22"]
[EventType "swiss"]
[EventRounds "10"]
[EventCountry "CAN"]

1. e4 c6 2. d4 d5 3. exd5 cxd5 4. Nf3 Bg4 5. Be2 Nc6 6. c3 e6 7. O-O Nf6 8. Bf4
Bd6 9. Ne5 Bxe2 10. Qxe2 O-O 11. Nd2 Qc7 12. Ndf3 Rac8 13. Rfe1 Ne4 14. Bg3 Ne7
15. Nd2 Nxg3 16. hxg3 Nf5 17. Ndf3 f6 18. Nd3 Rce8 19. Rab1 Qf7 20. g4 Nh6 21.
Nh2 e5 22. dxe5 fxe5 23. f3 e4 24. fxe4 Rxe4 25. Qd2 Nxg4 26. Nxg4 Rxg4 27. Rf1
Qe7 28. Rxf8+ Qxf8 29. Rf1 Bh2+ 30. Kxh2 Qxf1 0-1

[Event "CAN op"]
[Site "Calgary CAN"]
[Date "2023.07.23"]
[Round "2.59"]
[White "Ming, Jerry"]
[Black "Gokhale, Tanishka"]
[Result "1/2-1/2"]
[WhiteElo "1756"]
[BlackElo "1543"]
[PlyCount "77"]
[EventDate "2023.07.22"]
[EventType "swiss"]
[EventRounds "10"]
[EventCountry "CAN"]

1. e4 c6 2. d4 d5 3. exd5 cxd5 4. Bd3 Nc6 5. c3 Nf6 6. Bf4 e6 7. Nf3 Be7 8.
Nbd2 O-O 9. O-O Bd7 10. Qc2 Rc8 11. a3 h6 12. Rae1 Nh5 13. Bg3 Nxg3 14. hxg3
Bd6 15. Qb1 Qc7 16. c4 dxc4 17. Nxc4 Rfd8 18. b4 a6 19. Rc1 Qb8 20. Ne3 Ne7 21.
Rfd1 Rxc1 22. Rxc1 Rc8 23. Rxc8+ Qxc8 24. Nc4 Qc7 25. Nfe5 Bb5 26. Nxd6 Bxd3
27. Qxd3 Qxd6 28. Qe4 Qd5 29. Qxd5 Nxd5 30. Nd7 b6 31. Kf1 f6 32. Ke2 Kf7 33.
Nb8 Nc7 34. Nd7 b5 35. Nc5 Ke7 36. Kf3 h5 37. Ke4 Kd6 38. f3 f5+ 39. Kd3
1/2-1/2